Central Library OPAC University of Rajshahi

A midsummer night's dream / (Record no. 19243)

MARC details
000 -LEADER
fixed length control field 00650nam a2200229 a 4500
001 - CONTROL NUMBER
control field 19243
003 - CONTROL NUMBER IDENTIFIER
rucl marc code BD-RjUL
005 - DATE AND TIME OF LATEST TRANSACTION
control field 20211209000414.0
008 - FIXED-LENGTH DATA ELEMENTS--GENERAL INFORMATION
fixed length control field 880808r19511939nyu 000 0 eng d
035 ## - SYSTEM CONTROL NUMBER
System control number oxf98516173
System control number (OCoLC)716691
-- (BD-RjUL)19301
040 ## - CATALOGING SOURCE
Original cataloging agency MAL
Modifying agency BD-RjUL
-- m/c
Language of cataloging eng
Transcribing agency BD-RjUL
041 ## - LANGUAGE CODE
Language code of text/sound track or separate title eng
082 ## - DEWEY DECIMAL CLASSIFICATION NUMBER
Classification number 822.33
Author mark and year MID 1951
245 12 - TITLE STATEMENT
Title A midsummer night's dream /
Statement of responsibility, etc. by William Shakespeare ; edited by F.C.Horwood
260 ## - PUBLICATION, DISTRIBUTION, ETC. (IMPRINT)
Place of publication, distribution, etc. Oxford :
Name of publisher, distributor, etc. Clarendon Press,
Date of publication, distribution, etc. 1951.
300 ## - PHYSICAL DESCRIPTION
Pagination 192 p. ;
Size 22 cm
650 ## - SUBJECT ADDED ENTRY--TOPICAL TERM
Topical term or geographic name as entry element DRAMA
9 (RLIN) 59202
700 1# - ADDED ENTRY--PERSONAL NAME
Personal name F.C.Horwood
942 ## - ADDED ENTRY ELEMENTS (KOHA)
Source of classification or shelving scheme Dewey Decimal Classification
Koha item type Books
Holdings
Lost status Source of classification or shelving scheme Damaged status Not for loan Collection code Permanent Location Current Location Shelving location Date acquired Source of acquisition Cost, normal purchase price Total Checkouts Full call number Date last seen Copy number Koha item type
  Dewey Decimal Classification   Not For Loan Fiction Central Library, University of Rajshahi Central Library, University of Rajshahi Reading Room 31/01/1955 U.B.D.Rajshahi 2.00   822.33 MID 1951 23/02/2014 C-1 Books